000 00773nam a2200205 a 4500
003 0
005 20250415144427.0
008 060801s19uu xx 00 eng d
050 _aPHS LB 3602
_b.G84 2006
100 _aGuerrero, Christopher S.
245 _aEffects of fine system on meeting key results area of grade 11 students of SISC /
_cChristopher S. Guerrero.
260 _aLas PiƱas City, Philippines :
_bSouthville International School and Colleges,
_c2006.
300 _a34 pages :
_billustrations ;
_c28 cm.
504 _aIncludes bibliographical references.
650 _aHigh school students
_xDiscipline.
650 _aStudent behavior.
650 _aMotivation in education.
650 _aAcademic achievement
_xPsychological aspects.
942 _2lcc
_cPASS
999 _c97612
_d97612